[Event "Wuerttemberg-ch MT"]
[Site "Tuebingen"]
[Date "2007.09.02"]
[Round "9"]
[White "Hirneise, Tobias"]
[Black "Hoensch, Matthias"]
[Result "1-0"]
[WhiteElo "2293"]
[BlackElo "2279"]
[PlyCount "79"]
[EventDate "2007.08.25"]
[EventType "swiss"]
[EventRounds "9"]
[EventCountry "GER"]
[SourceTitle "CBM 120 Extra"]
[Source "ChessBase"]
[SourceDate "2007.11.01"]
[SourceVersion "1"]
[SourceVersionDate "2007.11.01"]
[SourceQuality "1"]

1. e4 e6 2. d4 d5 3. Nc3 dxe4 4. Nxe4 Bd7 5. Nf3 Bc6 6. Bd3 Nd7 7. Ng3 Ngf6 8. 0-0 Be7 9. b3 0-0 10. Bb2 Bxf3 11. Qxf3 c6 12. c4 Qa5 13. a3 Rad8 14. Rfe1 Rfe8 15. h4 Bd6 16. Bc3 Qc7 17. Ne4 Nxe4 18. Qxe4 Nf6 19. Qf3 e5 20. c5 Bf8 21. dxe5 Nd7 22. e6 fxe6 23. b4 Nf6 24. Bxf6 gxf6 25. Bc4 Kh8 26. Bxe6 Bh6 27. g3 a5 28. Rab1 axb4 29. axb4 Qe7 30. Qh5 Bd2 31. Re4 Qc7 32. Rb3 Re7 33. Qf5 Rf8 34. Rd3 Bh6 35. Rd6 Bc1 36. Red4 Bb2 37. Rd2 Bc3 38. R2d3 Bxb4 39. Rd7 Rxd7 40. Rxd7 1-0

[Event "Banyoles op 7th"]
[Site "Banyoles"]
[Date "2004.08.23"]
[Round "8"]
[White "Hoensch, Matthias"]
[Black "Vilar Lopez, Monica"]
[Result "1/2-1/2"]
[WhiteElo "2311"]
[BlackElo "2170"]
[PlyCount "92"]
[EventDate "2004.08.16"]
[EventType "swiss"]
[EventRounds "9"]
[EventCountry "ESP"]
[SourceTitle "EXT 2005"]
[Source "ChessBase"]
[SourceDate "2004.11.15"]
[SourceVersion "1"]
[SourceVersionDate "2004.11.15"]
[SourceQuality "1"]

1. Nf3 d5 2. c4 e6 3. g3 c5 4. Bg2 Nf6 5. 0-0 Nc6 6. b3 Be7 7. Bb2 0-0 8. e3 Rb8 9. Qe2 Ne8 10. Rd1 Bf6 11. d4 b6 12. Ne5 Bb7 13. f4 cxd4 14. Nxc6 Bxc6 15. Bxd4 Bxd4 16. Rxd4 Qf6 17. Nc3 Nd6 18. cxd5 Nf5 19. Rdd1 exd5 20. Nxd5 Bxd5 21. Bxd5 Rfe8 22. e4 Ne7 23. Bc4 b5 24. Bd3 Nd5 25. e5 Nc3 26. exf6 Nxe2+ 27. Bxe2 Rxe2 28. fxg7 Kxg7 29. Re1 Rd2 30. Red1 Re2 31. Re1 Rd2 32. a3 Rb2 33. Reb1 Rc2 34. Rf1 Rd8 35. Rf2 Rxf2 36. Kxf2 Rd2+ 37. Kg1 a6 38. b4 Rb2 39. Kh1 h5 40. Kg1 Kg8 41. h3 Kg7 42. g4 hxg4 43. hxg4 Rc2 44. Rf1 Rc3 45. Kg2 Rxa3 46. Rb1 Rc3 1/2-1/2

[Event "Bodensee-Cup 10th"]
[Site "Germany"]
[Date "2004.05.??"]
[Round "?"]
[White "Hoensch, Matthias"]
[Black "Landenbergue, Claude"]
[Result "1/2-1/2"]
[WhiteElo "2290"]
[BlackElo "2390"]
[PlyCount "72"]
[EventDate "2004.05.??"]
[EventType "team-tourn"]
[EventRounds "3"]
[EventCountry "GER"]
[SourceTitle "EXT 2007"]
[Source "ChessBase"]
[SourceDate "2006.11.23"]
[SourceVersion "1"]
[SourceVersionDate "2006.11.23"]
[SourceQuality "1"]

1. Nf3 Nf6 2. c4 e6 3. g3 d5 4. Bg2 Be7 5. 0-0 0-0 6. b3 c5 7. Bb2 Nc6 8. e3 d4 9. exd4 cxd4 10. Re1 Ne8 11. Ba3 f6 12. d3 e5 13. Bxe7 Qxe7 14. a3 a5 15. Nbd2 Nc7 16. Qc2 Na6 17. Ne4 Bf5 18. Nfd2 Rfc8 19. c5 Be6 20. Rac1 Nd8 21. f4 Nf7 22. Qb2 Nxc5 23. Nxc5 Rxc5 24. Rxc5 Qxc5 25. Bxb7 Rb8 26. Rc1 Qb5 27. Be4 f5 28. a4 Qb4 29. Bg2 exf4 30. gxf4 h6 31. Rc6 Rb6 32. Rxb6 Qxb6 33. Nf3 Qxb3 34. Qxd4 Qd1+ 35. Kf2 Qc2+ 36. Kg1 Qd1+ 1/2-1/2

[Event "Oberliga Wuerttemberg 0304"]
[Site "Wuerttemberg"]
[Date "2003.12.07"]
[Round "4.3"]
[White "Fahnenschmidt, Gerhard"]
[Black "Hoensch, Matthias"]
[Result "0-1"]
[WhiteElo "2181"]
[BlackElo "2291"]
[PlyCount "174"]
[EventDate "2003.09.28"]
[EventType "team"]
[EventRounds "9"]
[EventCountry "GER"]
[SourceTitle "EXT 2006"]
[Source "ChessBase"]
[SourceDate "2005.11.24"]
[SourceVersion "1"]
[SourceVersionDate "2005.11.24"]
[SourceQuality "1"]
[WhiteTeam "Sindelfingen"]
[BlackTeam "Bebenhausen"]
[WhiteTeamCountry "GER"]
[BlackTeamCountry "GER"]

1. d4 g6 2. e4 Bg7 3. f4 c5 4. d5 d6 5. Nf3 e6 6. Bb5+ Bd7 7. Bxd7+ Qxd7 8. Na3 exd5 9. exd5 Ne7 10. 0-0 0-0 11. Rb1 Na6 12. c4 Nb4 13. Bd2 a5 14. Bc3 Qf5 15. Bxg7 Kxg7 16. Nb5 Qxf4 17. Qb3 Nf5 18. a3 Na6 19. Rbe1 Rae8 20. Qc3+ f6 21. Nd2 Rxe1 22. Rxe1 Nd4 23. Re4 Qxe4 24. Nxe4 Ne2+ 25. Kf2 Nxc3 26. Nexc3 f5 27. Nxd6 Kf6 28. Na4 Ke5 29. Nxb7 Kd4 30. Nxa5 Rf6 31. Ke2 g5 32. b3 Nb8 33. Nb7 Rh6 34. h3 Nd7 35. Nd8 g4 36. Nc6+ Ke4 37. g3 f4 38. Nc3+ Kf5 39. Ne7+ Ke5 40. hxg4 fxg3 41. Kf3 g2 42. Kxg2 Kf4 43. b4 Ra6 44. bxc5 Nxc5 45. Nb5 Ra4 46. d6 Rxc4 47. Nd5+ Ke5 48. Ne3 Re4 49. Kf3 Rf4+ 50. Ke2 Ra4 51. Kd1 Ke6 52. Kc2 Re4 53. Kd2 Rf4 54. Ke2 Ra4 55. Kf3 Nd7 56. g5 Ne5+ 57. Kg3 Nf7 58. Ng2 Nxg5 59. Nf4+ Kd7 60. Nd5 Kc6 61. d7 Nf7 62. Nbc3 Rxa3 63. Kf4 Kxd7 64. Ne4 Ke6 65. Nc7+ Ke7 66. Nd5+ Kf8 67. Ndf6 Kg7 68. Ne8+ Kg6 69. Nc7 Ra4 70. Ke3 Kf5 71. Nc5 Ra3+ 72. Kd4 h5 73. Nb5 Ra8 74. Ke3 Kg4 75. Nd4 Ng5 76. Nd3 Re8+ 77. Kf2 h4 78. Nc2 Nh3+ 79. Kf1 Kg3 80. Nd4 Rf8+ 81. Ke1 Ng1 82. Nc5 Nf3+ 83. Nxf3 Rxf3 84. Ne4+ Kg2 85. Ke2 Rf8 86. Ng5 Re8+ 87. Kd3 h3 0-1

[Event "IECG QA.2003.0.00043 email"]
[Site "IECG email"]
[Date "2003.11.03"]
[Round "2"]
[White "Hoensch, Matthias"]
[Black "Arnal, Aitor"]
[Result "1-0"]
[WhiteElo "2090"]
[BlackElo "2197"]
[PlyCount "25"]
[EventDate "2003.11.03"]
[EventType "tourn (corr)"]
[EventRounds "6"]
[SourceTitle "Corr 2024"]
[Source "ChessBase"]
[SourceDate "2023.10.19"]
[SourceVersion "1"]
[SourceVersionDate "2023.10.19"]
[SourceQuality "1"]

1. Nf3 c5 2. c4 Nf6 3. Nc3 Nc6 4. g3 g6 5. Bg2 Bg7 6. Rb1 0-0 7. a3 d5 8. cxd5 Nxd5 9. Nxd5 Qxd5 10. 0-0 Qd6 11. d3 e5 12. Nd2 Be6 13. b4 1-0

[Event "IECG QA.2003.0.00043 email"]
[Site "IECG email"]
[Date "2003.11.03"]
[Round "?"]
[White "Hoensch, Matthias"]
[Black "Nenciulescu, Silviu Catalin"]
[Result "1/2-1/2"]
[WhiteElo "2090"]
[BlackElo "2137"]
[PlyCount "34"]
[EventDate "2003.11.03"]
[EventType "tourn (corr)"]
[EventRounds "6"]
[SourceTitle "Corr 2008"]
[Source "ChessBase"]
[SourceDate "2008.06.24"]
[SourceVersion "1"]
[SourceVersionDate "2008.06.24"]
[SourceQuality "1"]

1. Nf3 c5 2. c4 Nf6 3. Nc3 e6 4. g3 b6 5. Bg2 Bb7 6. 0-0 Be7 7. d4 cxd4 8. Qxd4 d6 9. Rd1 a6 10. Bg5 Nbd7 11. Nd2 Bxg2 12. Kxg2 Rc8 13. Nde4 Rc6 14. Nxf6+ Bxf6 15. Bxf6 Nxf6 16. Ne4 Nxe4 17. Qxe4 Qc7 1/2-1/2

[Event "IECG QA.2003.0.00043 email"]
[Site "IECG email"]
[Date "2003.11.03"]
[Round "?"]
[White "Nenciulescu, Silviu Catalin"]
[Black "Hoensch, Matthias"]
[Result "1/2-1/2"]
[WhiteElo "2137"]
[BlackElo "2090"]
[PlyCount "37"]
[EventDate "2003.11.03"]
[EventType "tourn (corr)"]
[EventRounds "6"]
[SourceTitle "Corr 2008"]
[Source "ChessBase"]
[SourceDate "2008.06.24"]
[SourceVersion "1"]
[SourceVersionDate "2008.06.24"]
[SourceQuality "1"]

1. d4 d5 2. c4 e6 3. Nc3 c5 4. cxd5 exd5 5. Nf3 Nc6 6. g3 Nf6 7. Bg2 Be7 8. 0-0 0-0 9. Bg5 c4 10. Ne5 Be6 11. f4 Ng4 12. Nxg4 Bxg4 13. Bxd5 Bxg5 14. fxg5 Qxg5 15. Rf4 Rad8 16. Qd2 h5 17. e4 Be6 18. Raf1 Qe7 19. a3 1/2-1/2

[Event "Oberliga Wuerttemberg 0304"]
[Site "Wuerttemberg"]
[Date "2003.10.26"]
[Round "2.3"]
[White "Altenhof, Martin"]
[Black "Hoensch, Matthias"]
[Result "1/2-1/2"]
[WhiteElo "2262"]
[BlackElo "2291"]
[PlyCount "67"]
[EventDate "2003.09.28"]
[EventType "team"]
[EventRounds "9"]
[EventCountry "GER"]
[SourceTitle "EXT 2006"]
[Source "ChessBase"]
[SourceDate "2005.11.24"]
[SourceVersion "1"]
[SourceVersionDate "2005.11.24"]
[SourceQuality "1"]
[WhiteTeam "Pfullingen"]
[BlackTeam "Bebenhausen"]
[WhiteTeamCountry "GER"]
[BlackTeamCountry "GER"]

1. e4 c5 2. Nf3 d6 3. d3 Nc6 4. g3 g6 5. Bg2 Bg7 6. 0-0 Rb8 7. c3 Nf6 8. h3 0-0 9. Be3 c4 10. Qc2 cxd3 11. Qxd3 Nd7 12. Nbd2 b5 13. Nd4 Nde5 14. Qc2 Qc7 15. f4 Nxd4 16. Bxd4 Nc6 17. Bxg7 Kxg7 18. Nf3 Be6 19. Rf2 f6 20. a3 Qb6 21. Re1 a5 22. Qe2 Bc4 23. Qe3 Qxe3 24. Rxe3 e5 25. Rd2 Rfd8 26. Bf1 a4 27. Bxc4 bxc4 28. Kf2 Kf7 29. Ree2 Rb5 30. fxe5 dxe5 31. Rxd8 Nxd8 32. Ke3 Nc6 33. Rf2 Ke7 34. g4 1/2-1/2

[Event "Bodensee-Cup 9th"]
[Site "Pfullendorf"]
[Date "2003.05.03"]
[Round "2.7"]
[White "Werner, Clemens"]
[Black "Hoensch, Matthias"]
[Result "1/2-1/2"]
[WhiteElo "2334"]
[BlackElo "2312"]
[PlyCount "114"]
[EventDate "2003.05.02"]
[EventType "team-tourn"]
[EventRounds "3"]
[EventCountry "GER"]
[SourceTitle "CBM 094 Extra"]
[Source "ChessBase"]
[SourceDate "2003.07.09"]
[SourceVersion "2"]
[SourceVersionDate "2003.07.09"]
[SourceQuality "1"]

1. e4 e6 2. d4 d5 3. Nc3 Nf6 4. e5 Nfd7 5. f4 c5 6. Nf3 Nc6 7. Be3 a6 8. Qd2 b5 9. dxc5 Bxc5 10. Bxc5 Nxc5 11. Bd3 b4 12. Nd1 Qb6 13. Qe3 a5 14. 0-0 Ba6 15. Kh1 Rb8 16. Qe2 Bxd3 17. cxd3 Na4 18. Rc1 Ne7 19. Qc2 b3 20. axb3 Qxb3 21. Qxb3 Rxb3 22. Ra1 Rb4 23. b3 Nb6 24. Rxa5 0-0 25. Nd2 Rc8 26. Ra7 Nc6 27. Ra2 Nd4 28. Rb2 h5 29. g3 Nd7 30. Nf2 Rc3 31. Ra2 Nc5 32. Nh3 Nxd3 33. Ng5 Rb8 34. Rfa1 Rc1+ 35. Kg2 f6 36. exf6 gxf6 37. Ngf3 Rxa1 38. Rxa1 Nc2 39. Rb1 e5 40. Nh4 e4 41. Nf5 e3 42. Nf3 Re8 43. N5d4 Nxd4 44. Nxd4 e2 45. Nxe2 Rxe2+ 46. Kf3 Re1 47. Rxe1 Nxe1+ 48. Ke2 Nc2 49. Kd3 Nb4+ 50. Kd4 Kf7 51. Kc5 Nc2 52. Kxd5 Ke7 53. h3 Kd7 54. g4 hxg4 55. hxg4 Ne3+ 56. Ke4 Nxg4 57. Kf5 Ne3+ 1/2-1/2

[Event "IECG QA.2003.0.00033 email"]
[Site "IECG email"]
[Date "2003.02.24"]
[Round "1"]
[White "Korchut, Adam"]
[Black "Hoensch, Matthias"]
[Result "1-0"]
[WhiteElo "2104"]
[BlackElo "2125"]
[PlyCount "73"]
[EventDate "2003.03.07"]
[EventType "tourn (corr)"]
[EventRounds "6"]
[SourceTitle "Corr 2008"]
[Source "ChessBase"]
[SourceDate "2008.06.24"]
[SourceVersion "1"]
[SourceVersionDate "2008.06.24"]
[SourceQuality "1"]

1. e4 e6 2. d4 d5 3. Nc3 Nf6 4. Bg5 Bb4 5. e5 h6 6. Bd2 Bxc3 7. bxc3 Ne4 8. Qg4 g6 9. Bd3 Nxd2 10. Kxd2 c5 11. Qf4 Bd7 12. Nf3 Bc6 13. a4 Nd7 14. a5 Qc7 15. Rhb1 f5 16. Qh4 c4 17. Be2 Qd8 18. Qxd8+ Rxd8 19. h4 Kf7 20. Ng1 Rdg8 21. h5 Ke7 22. hxg6 Rxg6 23. Bf3 Nf8 24. Ne2 Rg5 25. Nf4 Ng6 26. Nh3 Rg4 27. Rh1 h5 28. Bxg4 fxg4 29. Ng1 Rf8 30. Ke3 Rf5 31. Rh2 Kd8 32. g3 Be8 33. f3 gxf3 34. Rf1 Ne7 35. Nh3 Nc6 36. Nf4 Kd7 37. Ra1 1-0

[Event "BL2-Sued 0203"]
[Site "Germany"]
[Date "2002.12.15"]
[Round "3.3"]
[White "Hoensch, Matthias"]
[Black "Pirrot, Dieter"]
[Result "0-1"]
[WhiteElo "2312"]
[BlackElo "2421"]
[PlyCount "60"]
[EventDate "2002.10.20"]
[EventType "team-tourn"]
[EventRounds "9"]
[EventCountry "GER"]
[SourceTitle "EXT 2004"]
[Source "ChessBase"]
[SourceDate "2003.11.25"]
[SourceVersion "1"]
[SourceVersionDate "2003.11.25"]
[SourceQuality "1"]
[WhiteTeam "Bebenhausen"]
[BlackTeam "St Ingbert"]
[WhiteTeamCountry "GER"]
[BlackTeamCountry "GER"]

1. Nf3 Nc6 2. d4 d5 3. c4 Bg4 4. cxd5 Bxf3 5. gxf3 Qxd5 6. e3 e5 7. Nc3 Bb4 8. Bd2 Bxc3 9. bxc3 Qd6 10. Rb1 b6 11. f4 exf4 12. e4 Nge7 13. Qf3 0-0 14. Bxf4 Qe6 15. Bd3 Ng6 16. Bxc7 Rac8 17. Bg3 f5 18. Qe2 Nxd4 19. cxd4 f4 20. Bc2 Qh3 21. Bb3+ Kh8 22. Qf1 Qh6 23. Rd1 Rce8 24. Bc2 Ne7 25. Qg2 Nd5 26. 0-0 f3 27. Qh1 Nf4 28. h4 Ne2+ 29. Kh2 Rf4 30. Kh3 g5 0-1

[Event "IECG QA.2002.0.00018"]
[Site "IECG email"]
[Date "2002.05.13"]
[Round "1"]
[White "Ross, Steven"]
[Black "Hoensch, Matthias"]
[Result "1-0"]
[WhiteElo "2050"]
[BlackElo "2134"]
[PlyCount "115"]
[EventDate "2002.05.13"]
[EventType "tourn (corr)"]
[EventRounds "6"]
[SourceTitle "Corr 2024"]
[Source "ChessBase"]
[SourceDate "2023.10.19"]
[SourceVersion "1"]
[SourceVersionDate "2023.10.19"]
[SourceQuality "1"]

1. f4 Nf6 2. Nf3 g6 3. d3 Bg7 4. e4 0-0 5. Be2 c5 6. 0-0 Nc6 7. Nc3 d6 8. Qe1 Nd4 9. Bd1 Bg4 10. Nxd4 cxd4 11. Ne2 Rc8 12. f5 d5 13. e5 Nd7 14. fxg6 fxg6 15. Nxd4 Rxf1+ 16. Qxf1 Bxe5 17. Be3 Bxd1 18. Qxd1 Bxd4 19. Bxd4 e5 20. Bf2 Qf6 21. Qe2 a6 22. Rf1 Rf8 23. c3 b5 24. a3 Qc6 25. Re1 Rf5 26. Bg3 a5 27. Qd2 a4 28. Qe3 Qa6 29. h3 Qc6 30. Bh2 Qf6 31. Qa7 Qh4 32. Rd1 Nf8 33. Qc5 e4 34. dxe4 dxe4 35. Be5 Qf6 36. Bxf6 Rxc5 37. Bd4 Rc6 38. Kf2 Kf7 39. Ke3 Ke6 40. Kxe4 Nd7 41. Kf4 h6 42. h4 Rc4 43. Re1+ Kf7 44. g4 Nc5 45. Re2 Ne6+ 46. Ke5 Nxd4 47. cxd4 Rc1 48. d5 Ke7 49. g5 Rh1 50. d6+ Kd7 51. Rf2 Rxh4 52. Rf7+ Ke8 53. d7+ Kd8 54. Kd6 Rd4+ 55. Kc6 Rc4+ 56. Kxb5 Rh4 57. gxh6 Rxh6 58. Kxa4 1-0

[Event "IECG QA.2002.0.00018"]
[Site "IECG email"]
[Date "2002.05.13"]
[Round "1"]
[White "Spiridonov, Nick"]
[Black "Hoensch, Matthias"]
[Result "0-1"]
[WhiteElo "2177"]
[BlackElo "2134"]
[PlyCount "96"]
[EventDate "2002.05.13"]
[EventType "tourn (corr)"]
[EventRounds "6"]
[SourceTitle "Corr 2024"]
[Source "ChessBase"]
[SourceDate "2023.10.19"]
[SourceVersion "1"]
[SourceVersionDate "2023.10.19"]
[SourceQuality "1"]

1. e4 e6 2. d4 d5 3. Nc3 Nf6 4. Bg5 Bb4 5. e5 h6 6. Bd2 Bxc3 7. bxc3 Ne4 8. Qg4 g6 9. Bd3 Nxd2 10. Kxd2 c5 11. Nf3 Nc6 12. Qf4 Qe7 13. Rhb1 g5 14. Qg3 c4 15. Be2 f5 16. exf6 Qxf6 17. Re1 Rf8 18. Kc1 Qf4+ 19. Qxf4 Rxf4 20. h3 Ke7 21. Kd2 Bd7 22. Rab1 b6 23. g3 Rf6 24. Rf1 Raf8 25. Ke3 Kd6 26. h4 g4 27. Ne5 Nxe5 28. dxe5+ Kxe5 29. Bxg4 Ba4 30. f4+ Kd6 31. Bd1 e5 32. fxe5+ Kxe5 33. Rxf6 Rxf6 34. Rb4 b5 35. Rb1 a6 36. a3 Rf1 37. Ke2 Rh1 38. Ke3 Rh2 39. Ra1 a5 40. h5 Rg2 41. Kf3 Rd2 42. Ke3 Rh2 43. Rc1 b4 44. axb4 axb4 45. Ra1 Bxc2 46. Bxc2 Rxc2 47. cxb4 d4+ 48. Kf3 d3 0-1

[Event "BL2-Sued 0102"]
[Site "Germany"]
[Date "2001.10.07"]
[Round "1.2"]
[White "Berzinsh, Roland"]
[Black "Hoensch, Matthias"]
[Result "1-0"]
[WhiteElo "2478"]
[BlackElo "2322"]
[PlyCount "89"]
[EventDate "2001.10.07"]
[EventType "team-tourn"]
[EventRounds "9"]
[EventCountry "GER"]
[SourceTitle "CBM 088 Extra"]
[Source "ChessBase"]
[SourceDate "2002.07.01"]
[SourceVersion "2"]
[SourceVersionDate "2002.07.01"]
[SourceQuality "1"]
[WhiteTeam "Schott Mainz"]
[BlackTeam "Bebenhausen"]
[WhiteTeamCountry "GER"]
[BlackTeamCountry "GER"]

1. e4 e6 2. d4 d5 3. Nc3 Nf6 4. Bg5 Bb4 5. e5 h6 6. Bd2 Bxc3 7. Bxc3 Ne4 8. Ne2 c5 9. dxc5 Nxc3 10. Nxc3 Qa5 11. Qd2 Qxc5 12. 0-0-0 Nc6 13. f4 0-0 14. Kb1 a6 15. h4 b5 16. Bd3 b4 17. Ne2 a5 18. h5 Ba6 19. g4 a4 20. Rc1 Qb6 21. g5 hxg5 22. Rhg1 Ra7 23. Bxa6 Qxa6 24. Nd4 b3 25. a3 Nxd4 26. Qxd4 Rc8 27. cxb3 Rxc1+ 28. Rxc1 axb3 29. fxg5 Ra8 30. g6 Rc8 31. Rxc8+ Qxc8 32. Qc3 Qb8 33. a4 Qb7 34. Qf3 fxg6 35. hxg6 Qc8 36. Qf7+ Kh8 37. Qf2 Kg8 38. a5 d4 39. a6 d3 40. a7 Qa8 41. Qf7+ Kh8 42. Qf1 d2 43. Qh3+ Kg8 44. Qxe6+ Kh8 45. Qh3+ 1-0

[Event "IECG QM.2001.0.00037"]
[Site "IECG email"]
[Date "2001.09.05"]
[Round "?"]
[White "Hoensch, Matthias"]
[Black "Woerdemann, Martin"]
[Result "0-1"]
[WhiteElo "2293"]
[BlackElo "2303"]
[PlyCount "60"]
[EventDate "2001.09.05"]
[EventType "tourn (corr)"]
[EventRounds "6"]
[SourceTitle "Corr 2008"]
[Source "ChessBase"]
[SourceDate "2008.06.24"]
[SourceVersion "1"]
[SourceVersionDate "2008.06.24"]
[SourceQuality "1"]

1. Nf3 d5 2. c4 c6 3. g3 Nf6 4. Bg2 dxc4 5. Qc2 b5 6. a4 Bb7 7. b3 cxb3 8. Qxb3 a6 9. Ba3 Nbd7 10. 0-0 e6 11. Bxf8 Kxf8 12. Rc1 Rb8 13. d4 g6 14. Nbd2 Kg7 15. e4 Qe7 16. e5 Nd5 17. Ne4 b4 18. a5 c5 19. Nxc5 Nxc5 20. Rxc5 Rhc8 21. Rxc8 Rxc8 22. Ne1 Nc3 23. Bf1 Bd5 24. Qb2 Rb8 25. Rc1 Qc7 26. Ra1 Bc4 27. Bxc4 Qxc4 28. Nf3 b3 29. Re1 Na4 30. Qa3 Qb4 0-1

[Event "Oberliga Wuerttemberg 0001"]
[Site "Wuerttemberg"]
[Date "2001.04.29"]
[Round "9"]
[White "Hoensch, Matthias"]
[Black "Niklasch, Oliver"]
[Result "1-0"]
[WhiteElo "2293"]
[BlackElo "2351"]
[PlyCount "71"]
[EventDate "2000.10.15"]
[EventType "team"]
[EventRounds "9"]
[EventCountry "GER"]
[SourceTitle "EXT 2019"]
[Source "ChessBase"]
[SourceDate "2018.10.10"]
[SourceVersion "1"]
[SourceVersionDate "2018.10.10"]
[SourceQuality "1"]

1. Nf3 Nf6 2. c4 e6 3. g3 d5 4. Bg2 Be7 5. 0-0 0-0 6. b3 a5 7. a3 a4 8. b4 dxc4 9. Nc3 Nd5 10. Bb2 Nxc3 11. Bxc3 b5 12. Nd4 c6 13. Nxb5 Ra6 14. Nd4 c5 15. Nc2 Bd7 16. Rb1 cxb4 17. Bxb4 Nc6 18. Bxe7 Qxe7 19. Nb4 Nxb4 20. Rxb4 Qc5 21. Qc2 Rd6 22. Qc3 Rc8 23. Rc1 Qg5 24. d3 h6 25. Rxc4 Rxc4 26. Qxc4 Rb6 27. f4 Qf6 28. Be4 g6 29. Qc5 Rb2 30. Bf3 Bb5 31. Qd6 Rb3 32. Rc8+ Kh7 33. Qf8 Qg7 34. Qe7 Qd4+ 35. Kg2 Qd7 36. Qf8 1-0

[Event "Oberliga Wuerttemberg 0001"]
[Site "Wuerttemberg"]
[Date "2001.04.01"]
[Round "8"]
[White "Lach, Bernhard"]
[Black "Hoensch, Matthias"]
[Result "0-1"]
[WhiteElo "2233"]
[BlackElo "2293"]
[PlyCount "84"]
[EventDate "2000.10.15"]
[EventType "team"]
[EventRounds "9"]
[EventCountry "GER"]
[SourceTitle "EXT 2019"]
[Source "ChessBase"]
[SourceDate "2018.10.10"]
[SourceVersion "1"]
[SourceVersionDate "2018.10.10"]
[SourceQuality "1"]

1. e4 e6 2. Nc3 d5 3. Nf3 Nf6 4. e5 Nfd7 5. d4 c5 6. Bb5 Nc6 7. 0-0 Be7 8. Re1 Qb6 9. Bxc6 bxc6 10. Na4 Qc7 11. c3 0-0 12. Bg5 Bxg5 13. Nxg5 h6 14. Nh3 Qa5 15. Nxc5 Nxc5 16. b4 Qa3 17. bxc5 Qxc3 18. Re3 Qa5 19. Nf4 Rb8 20. Rg3 f5 21. h4 Rb2 22. Nh5 Rf7 23. Qc1 Qd2 24. Qxd2 Rxd2 25. Rb1 Kh7 26. f4 Rxd4 27. Rb8 Ba6 28. Re8 Be2 29. Nf6+ gxf6 30. exf6 Bg4 31. Rxe6 Ra4 32. Rxc6 Rxa2 33. Rd6 Rc2 34. Re3 Rxc5 35. Re8 Kg6 36. Rg8+ Kh5 37. Kh2 a5 38. Rg7 Rcc7 39. Rxd5 Rxg7 40. fxg7 Rxg7 41. Rxa5 Kxh4 42. Ra6 Kh5 0-1

[Event "Oberliga Wuerttemberg 0001"]
[Site "Wuerttemberg"]
[Date "2001.02.18"]
[Round "6.1"]
[White "Jurek, Josef"]
[Black "Hoensch, Matthias"]
[Result "0-1"]
[WhiteElo "2367"]
[BlackElo "2291"]
[PlyCount "52"]
[EventDate "2000.10.15"]
[EventType "team"]
[EventRounds "9"]
[EventCountry "GER"]
[SourceTitle "EXT 2002"]
[Source "ChessBase"]
[SourceDate "2001.11.25"]
[SourceVersion "1"]
[SourceVersionDate "2001.11.25"]
[SourceQuality "1"]

1. Nf3 d5 2. c4 c6 3. d4 Nf6 4. Nc3 e6 5. e3 Be7 6. Bd3 0-0 7. 0-0 Nbd7 8. Qe2 Qc7 9. e4 dxe4 10. Nxe4 Nxe4 11. Qxe4 Nf6 12. Qh4 c5 13. Re1 cxd4 14. Bg5 Rd8 15. Ne5 Kf8 16. Rad1 b6 17. Bxh7 Bb7 18. Bg6 fxg6 19. Qh8+ Ng8 20. Nxg6+ Kf7 21. Ne5+ Kf8 22. Bxe7+ Kxe7 23. Qxg7+ Kd6 24. Rxd4+ Bd5 25. Rxd5+ exd5 26. Qf6+ Nxf6 0-1

[Event "IECG QM.2001.0.00031"]
[Site "IECG email"]
[Date "2001.??.??"]
[Round "?"]
[White "Gomez Celdran, Francisco Miguel"]
[Black "Hoensch, Matthias"]
[Result "1-0"]
[WhiteElo "2110"]
[BlackElo "2293"]
[PlyCount "75"]
[EventDate "2001.01.03"]
[EventType "tourn (corr)"]
[EventRounds "6"]
[SourceTitle "Corr 2008"]
[Source "ChessBase"]
[SourceDate "2008.06.24"]
[SourceVersion "1"]
[SourceVersionDate "2008.06.24"]
[SourceQuality "1"]

1. e4 e6 2. d4 d5 3. Nc3 Nf6 4. Bg5 Bb4 5. e5 h6 6. Bd2 Bxc3 7. bxc3 Ne4 8. Qg4 g6 9. Bd3 Nxd2 10. Kxd2 c5 11. Nf3 Nc6 12. h4 Qa5 13. Qf4 cxd4 14. Nxd4 Nxd4 15. Qxd4 Bd7 16. Rhb1 b6 17. a4 Rc8 18. Rb4 Qc5 19. Ba6 Rc6 20. a5 0-0 21. axb6 axb6 22. Bb7 Rc7 23. Rxb6 Bc8 24. Qxc5 Rxc5 25. Rc6 Rxc6 26. Bxc6 f6 27. c4 dxc4 28. Ra8 fxe5 29. Kc3 Kf7 30. Kxc4 Ke7 31. f3 Kd6 32. Kb5 g5 33. hxg5 hxg5 34. Kb6 e4 35. Bxe4 g4 36. c4 gxf3 37. gxf3 e5 38. Bb7 1-0

[Event "IECG QM.2001.0.00031"]
[Site "IECG email"]
[Date "2001.??.??"]
[Round "?"]
[White "Hoensch, Matthias"]
[Black "Schulze, Michael"]
[Result "0-1"]
[WhiteElo "2293"]
[BlackElo "2396"]
[PlyCount "110"]
[EventDate "2001.01.03"]
[EventType "tourn (corr)"]
[EventRounds "6"]
[SourceTitle "Corr 2008"]
[Source "ChessBase"]
[SourceDate "2008.06.24"]
[SourceVersion "1"]
[SourceVersionDate "2008.06.24"]
[SourceQuality "1"]

1. Nf3 g6 2. c4 Bg7 3. d4 d6 4. e4 Nf6 5. Nc3 0-0 6. Be2 Na6 7. 0-0 e5 8. Be3 Ng4 9. Bg5 Qe8 10. h3 h6 11. Bc1 Nf6 12. dxe5 dxe5 13. Be3 Qe7 14. a3 Nh5 15. Nd5 Qd8 16. Qc1 c6 17. Nc3 Nf4 18. Bxf4 exf4 19. Qxf4 Qb6 20. Rab1 Re8 21. Rfd1 g5 22. Qg3 Nc5 23. Nd2 Ne6 24. b4 Nf4 25. Bf1 Qc7 26. Rbc1 b6 27. b5 Bb7 28. bxc6 Bxc6 29. Nd5 Nxd5 30. cxd5 Qxg3 31. fxg3 Ba4 32. Re1 Bb2 33. Rc7 Be5 34. Rb7 Bxg3 35. Rb1 Bf4 36. Rb2 Reb8 37. Rxb8+ Rxb8 38. Kf2 Rc8 39. Nc4 b5 40. Ne3 Bd6 41. Rb1 a6 42. Nf5 Bxa3 43. Nxh6+ Kg7 44. Ng4 Rc2+ 45. Be2 Ra2 46. Kf3 Bc2 47. Re1 Bb4 48. Rc1 Bd2 49. Rf1 Ra3+ 50. Kf2 Bxe4 51. Rd1 Ba5 52. Bf3 Bb6+ 53. Kg3 b4 54. Ne5 Bc2 55. Rc1 Rc3 0-1